| 000 | 00786nam a2200217 a 4500 | ||
|---|---|---|---|
| 008 | 200819s2018 ||||||||||||||||| || u | ||
| 020 | _a9781107099449 | ||
| 050 | _aQE 501.4 .N9 Dic | ||
| 100 | _aDickin, Alan P | ||
| 245 | 1 | 0 |
_aRadiogenic isotope geology _cBy Alan P. Dickin |
| 250 | _aThird edition | ||
| 260 |
_aCambridge _bCambridge University Press _c2018 |
||
| 300 | _axvi, 482 pages : illustrations | ||
| 650 | _aPALEOCLIMATOLOGY | ||
| 650 | _aRADIOISOTOPES IN GEOLOGY | ||
| 650 | _aENVIRONMENTAL ARCHAEOLOGY | ||
| 650 | _aRADIOACTIVE DATING | ||
| 650 | _aISOTOPE GEOLOGY | ||
| 650 | _aGEOCHEMISTRY | ||
| 995 |
_D91.84 _FCBU-MAIN LIBRARY (Kitwe) _M1 _UAVAILABLE _WAug 26, 2020 _ZMain Library Open Access Collection |
||
| 999 |
_c55564 _d55564 |
||